000 01054nam a22002537a 4500
999 _c5712
_d5712
003 OSt
005 20251016091014.0
008 251016b ||||| |||| 00| 0 eng d
020 _a9781474927802
_qbook set
040 _cKH8
082 _aFIC DIC
100 _aDickins, Rosie,
_eauthor.
245 _aWilliam Shakespeare /
_cRosie Dickins and illustrated by Christa Unzner.
260 _aEngland ;
_bUsborne Publishing Ltd ,
_c2008.
300 _a64 pages :
_bcolour illustrations ;
_c20 cm.
490 _aUsborne Young Reading
_vseries three
500 _aIncludes index
520 _aWilliam dreams of acting and writing plays. This ambition takes him from the quiet country town of Stratford, where he grows up, to the great playhouses of London. His talents takes the city by storm. But how will he cope with jealous rivals, strict censorship, plague and plotting earls?
650 _aEasy reading
_vfiction
650 _aStory book
_vfiction
700 _aUnzner, Christa,
_eillustrator.
830 _aUsborne Young Reading
942 _2ddc
_cFIC